[Event "XXXI C.to Italiano femminile"]
[Site "Bratto - Castione della Presolana ITA"]
[Date "2004.08.25"]
[Round "6"]
[White "Goi, Veronika"]
[Black "Sautto, Alessandra"]
[Result "0-1"]
[WhiteElo "1823"]
[BlackElo "1978"]
[PlyCount "124"]
[EventDate "2004.08.20"]

1. d4 e6 2. e4 d5 3. e5 c5 4. c3 Qb6 5. Nf3 Bd7 6. Be2 cxd4 7. cxd4 Bb5 8. Nc3
Bxe2 9. Qxe2 Ne7 10. O-O Nec6 11. Be3 Nd7 12. Rac1 Be7 13. Qd2 Qa5 14. Qd3 a6
15. Nd2 Qd8 16. f4 g6 17. g4 O-O 18. f5 Ndxe5 19. dxe5 d4 20. fxg6 hxg6 21. Bh6
dxc3 22. Qxc3 Bg5 23. Bxf8 Bxd2 24. Qf3 Qd4+ 25. Kh1 Rxf8 26. Rcd1 Qe3 27. Qxe3
Bxe3 28. Rd7 b6 29. h3 Bc5 30. Re1 Rd8 31. Rc7 Ne7 32. Rc1 Nd5 33. Ra7 a5 34.
Rf1 Rf8 35. Re1 Bd4 36. b3 Bc5 37. Kh2 Nb4 38. Re2 Nc6 39. Rc7 Nd4 40. Re4 Nb5
41. Rb7 Nc3 42. Rf4 Nxa2 43. h4 Nb4 44. Rd7 Nd5 45. Re4 Kg7 46. Kg3 Rh8 47. Re1
Be7 48. g5 Bc5 49. Rf1 Rf8 50. Rh1 Rh8 51. Rf1 Rf8 52. Rh1 Ne3 53. h5 Nf5+ 54.
Kg4 gxh5+ 55. Rxh5 Be7 56. Rb7 Rd8 57. Rh3 Bc5 58. Rf3 Rd4+ 59. Rf4 Rxf4+ 60.
Kxf4 Nd4 61. Kg4 Nc6 62. Kf4 Kg6 0-1

[Event "XXXI C.to Italiano femminile"]
[Site "Bratto - Castione della Presolana ITA"]
[Date "2004.08.25"]
[Round "6"]
[White "Lomakina, Nadya"]
[Black "Matta, Francesca"]
[Result "1-0"]
[WhiteElo "1751"]
[BlackElo "1772"]
[PlyCount "73"]
[EventDate "2004.08.20"]

1. d4 Nf6 2. Nf3 g6 3. c3 Bg7 4. Bg5 O-O 5. Nbd2 d6 6. e4 Re8 7. Be2 e5 8. dxe5
dxe5 9. Qc2 c6 10. O-O Qc7 11. h3 Nbd7 12. b4 a5 13. Rad1 axb4 14. cxb4 Nf8 15.
b5 c5 16. Nc4 b6 17. Rd6 N6d7 18. Rfd1 Ne6 19. Rc6 Qa7 20. Nd6 Rf8 21. Be7 Qxa2
22. Qxa2 Rxa2 23. Bc4 Ra8 24. Bxf8 Ndxf8 25. Nxc8 Ra4 26. Nxb6 Rb4 27. Rc8 Nd4
28. Nxd4 cxd4 29. Nd7 Rxc4 30. Rxc4 Nxd7 31. Rb1 Bf8 32. Rc6 d3 33. b6 d2 34.
Rd1 Bb4 35. Rc8+ Kg7 36. b7 Bd6 37. Rxd2 1-0

[Event "XXXI C.to Italiano femminile"]
[Site "Bratto - Castione della Presolana ITA"]
[Date "2004.08.25"]
[Round "6"]
[White "Mosca, Giulia"]
[Black "Scharrer, Isabel"]
[Result "1-0"]
[WhiteElo "1527"]
[BlackElo "1613"]
[PlyCount "67"]
[EventDate "2004.08.20"]

1. e4 c5 2. Nc3 d6 3. g3 Nf6 4. Bg2 g6 5. d3 Bg7 6. Be3 O-O 7. h3 Qb6 8. Rb1
Nc6 9. Nge2 Bd7 10. Qd2 Rac8 11. O-O Be6 12. f4 Nd4 13. g4 h5 14. f5 gxf5 15.
exf5 Bd7 16. g5 Ne8 17. Nd5 Qd8 18. Ng3 h4 19. Nh5 Nxf5 20. Nxg7 Nexg7 21. Bf2
Bc6 22. Qf4 Qd7 23. Bxh4 Nd4 24. Qf2 Bxd5 25. Bxd5 Qxh3 26. Bxf7+ Kh8 27. g6
Ndf5 28. Bg5 Ng3 29. Qh2 Qxh2+ 30. Kxh2 Nxf1+ 31. Rxf1 Rc7 32. Kg2 Ne6 33. Rh1+
Kg7 34. Rh7# 1-0

[Event "XXXI C.to Italiano femminile"]
[Site "Bratto - Castione della Presolana ITA"]
[Date "2004.08.25"]
[Round "6"]
[White "Negri, Ornella Cecilia"]
[Black "Tomba, Patrizia"]
[Result "0-1"]
[WhiteElo "1600"]
[BlackElo "1637"]
[PlyCount "123"]
[EventDate "2004.08.20"]

1. e4 e5 2. d4 exd4 3. Qxd4 Nc6 4. Qe3 d6 5. Nc3 Nf6 6. h3 Be7 7. Bd2 O-O 8.
O-O-O a5 9. Bd3 Nb4 10. Bc4 Bd7 11. Qg3 Kh8 12. Nge2 b5 13. Bd3 c5 14. Nf4 c4
15. Be2 Na6 16. a3 b4 17. Ncd5 Nxe4 18. Qf3 Nxd2 19. Rxd2 Rc8 20. Nxe7 Qxe7 21.
Nd5 Qg5 22. Nb6 Bc6 23. Qe3 Qxe3 24. fxe3 Rb8 25. Nxc4 Bxg2 26. Rg1 Bxh3 27.
Nxd6 Nc5 28. Nc4 bxa3 29. Nxa3 Be6 30. Bc4 Rb6 31. Rgd1 g6 32. Rd8 Rxd8 33.
Rxd8+ Kg7 34. Bxe6 Nxe6 35. Ra8 h5 36. Rxa5 Rb4 37. c3 Re4 38. Nc2 h4 39. Ra1
h3 40. Kd2 h2 41. Rh1 Rh4 42. b4 g5 43. Ne1 g4 44. Ng2 Rh8 45. c4 g3 46. Ke2
Ng5 47. b5 Kf6 48. c5 Rc8 49. c6 Ke6 50. Rd1 Ne4 51. Rc1 Kd6 52. Kf3 Nf2 53. b6
Rxc6 54. Rb1 h1=Q 55. Rxh1 Nxh1 56. Nf4 Rxb6 57. Kg2 Nf2 58. Kxg3 Ne4+ 59. Kf3
Ng5+ 60. Ke2 Ne6 61. Nd3 f5 62. Nf4 0-1

[Event "XXXI C.to Italiano femminile"]
[Site "Bratto - Castione della Presolana ITA"]
[Date "2004.08.25"]
[Round "6"]
[White "Reginato, Sabrina"]
[Black "Borsato, Chiara"]
[Result "1-0"]
[WhiteElo "1553"]
[BlackElo "1658"]
[PlyCount "79"]
[EventDate "2004.08.20"]

1. e4 g6 2. d4 Bg7 3. Be3 d6 4. Nc3 Nf6 5. Be2 O-O 6. f3 c6 7. Qd2 b5 8. O-O-O
b4 9. Nb1 a5 10. g4 Ba6 11. h4 Nbd7 12. Bh6 c5 13. h5 c4 14. hxg6 fxg6 15. Bxg7
Kxg7 16. Qh6+ Kf7 17. e5 Rh8 18. exf6 Nxf6 19. Qf4 Kg7 20. d5 Qb6 21. Qd4 Qb7
22. g5 b3 23. gxf6+ exf6 24. axb3 cxb3 25. Bxa6 Qc7 26. Bc4 a4 27. cxb3 axb3
28. Na3 Rhb8 29. Rh2 Rb4 30. Qh4 h5 31. Rd4 Rxa3 32. bxa3 Qa5 33. axb4 Qa1+ 34.
Kd2 b2 35. Bd3 Qc1+ 36. Ke2 b1=Q 37. Bxb1 Qb2+ 38. Rd2 Qxb1 39. Nh3 Qf5 40. Qe4
1-0

[Event "XXXI C.to Italiano femminile"]
[Site "Bratto - Castione della Presolana ITA"]
[Date "2004.08.25"]
[Round "6"]
[White "Tiozzo Netti, Valeria"]
[Black "Pili, Erika"]
[Result "0-1"]
[WhiteElo "1643"]
[BlackElo "1853"]
[PlyCount "66"]
[EventDate "2004.08.20"]

1. e4 e5 2. Nf3 Nc6 3. Bc4 Bc5 4. b4 Nxb4 5. c3 Nc6 6. d4 exd4 7. O-O Nge7 8.
cxd4 Bb6 9. Bg5 O-O 10. d5 Na5 11. d6 cxd6 12. Qxd6 Nxc4 13. Qb4 f6 14. Qxc4+
d5 15. exd5 Qxd5 16. Qxd5+ Nxd5 17. Bh4 Be6 18. Nbd2 Nb4 19. a3 Nc2 20. Rac1
Nxa3 21. Rfe1 Bd5 22. Re7 Rfe8 23. Rce1 Rxe7 24. Rxe7 Bc6 25. Ne4 Kf8 26. Bxf6
gxf6 27. Rxh7 Rd8 28. Rh8+ Kg7 29. Rxd8 Bxd8 30. Ned2 Nc2 31. g4 a5 32. h4 a4
33. Nh2 a3 0-1

[Event "XXXI C.to Italiano femminile"]
[Site "Bratto - Castione della Presolana ITA"]
[Date "2004.08.25"]
[Round "6"]
[White "Tonel, Giulia"]
[Black "Panella, Fiammetta"]
[Result "1-0"]
[WhiteElo "1670"]
[BlackElo "1954"]
[PlyCount "95"]
[EventDate "2004.08.20"]

1. e4 c5 2. Nc3 e6 3. Nf3 a6 4. d4 cxd4 5. Nxd4 Qc7 6. Bd3 Nf6 7. O-O b5 8. f4
Bc5 9. Be3 Qb6 10. Nce2 Ng4 11. Qd2 Nxe3 12. Qxe3 d6 13. e5 Nc6 14. c3 dxe5 15.
fxe5 Qc7 16. Be4 Bb7 17. Kh1 O-O 18. Qh3 g6 19. Rf4 Nxe5 20. Rh4 h5 21. Bxb7
Qxb7 22. Qg3 Ng4 23. h3 Nf6 24. Qe5 Be7 25. Rf4 Qd5 26. Qe3 Qc5 27. Rf3 Kg7 28.
Raf1 Nd5 29. Qe5+ Kg8 30. Rg3 Bd6 31. Nxe6 Bxe5 32. Nxc5 Bxg3 33. Nxg3 a5 34.
Nge4 Kg7 35. Nd6 Ne3 36. Rf3 Nc4 37. Nxb5 Rab8 38. Nd4 Rxb2 39. Nce6+ Kg8 40.
Nxf8 Kxf8 41. Nc6 Rxa2 42. Kh2 f5 43. h4 Kf7 44. Kh3 Ke6 45. Rd3 a4 46. Kg3 a3
47. Rd1 Rc2 48. Nd4+ 1-0

[Event "XXXI C.to Italiano femminile"]
[Site "Bratto - Castione della Presolana ITA"]
[Date "2004.08.26"]
[Round "7"]
[White "Borsato, Chiara"]
[Black "Cassinera, Chiara"]
[Result "1/2-1/2"]
[WhiteElo "1658"]
[BlackElo "1619"]
[PlyCount "42"]
[EventDate "2004.08.20"]

1. e4 c5 2. Nf3 g6 3. d4 cxd4 4. Nxd4 Bg7 5. Be3 d6 6. Nc3 Nf6 7. f3 O-O 8. Qd2
Bd7 9. O-O-O Nc6 10. Bc4 Rc8 11. Nde2 Ne5 12. Bb3 Qa5 13. h4 b5 14. Nd5 Qxd2+
15. Rxd2 Nxd5 16. Bxd5 Rc7 17. Bd4 Rfc8 18. h5 Bc6 19. Bb3 Nc4 20. Bxc4 bxc4
21. Bxg7 Kxg7 1/2-1/2

[Event "XXXI C.to Italiano femminile"]
[Site "Bratto - Castione della Presolana ITA"]
[Date "2004.08.26"]
[Round "7"]
[White "Brunello, Roberta"]
[Black "Bianchini, Aurora"]
[Result "1-0"]
[WhiteElo "1790"]
[BlackElo "1775"]
[PlyCount "112"]
[EventDate "2004.08.20"]

1. e4 e5 2. Nf3 Nc6 3. d4 exd4 4. Nxd4 Bc5 5. Be3 Qf6 6. c3 Nge7 7. Bc4 O-O 8.
O-O Ne5 9. Be2 Qg6 10. f4 Qxe4 11. Bf2 Qxf4 12. Nb5 Bd6 13. Nxd6 cxd6 14. Bxa7
Qg5 15. Bf2 Nf5 16. Na3 Rb8 17. Nb5 Qg6 18. Nc7 b6 19. Ba6 Bxa6 20. Nxa6 Ra8
21. Nc7 Rab8 22. Nd5 b5 23. Bb6 Rbe8 24. a4 Nc4 25. a5 Nxb6 26. axb6 Ne3 27.
Nxe3 Rxe3 28. b7 Qe4 29. Qd4 Qxd4 30. cxd4 Ree8 31. Rf5 g6 32. Rxb5 Kg7 33. Ra6
Rb8 34. Rxd6 Rfd8 35. Kf2 Kf8 36. Ke3 Ke7 37. Ra6 d6 38. Ke4 Rd7 39. Rab6 Ke6
40. Re5+ Kf6 41. Reb5 Ke6 42. g4 h6 43. h4 f6 44. h5 g5 45. d5+ Kf7 46. Kd4 Ke7
47. Kc4 Rdd8 48. Rb3 Kd7 49. Rc6 Re8 50. Kd4 Red8 51. Rbb6 Ke7 52. Rc7+ Rd7 53.
Rxd7+ Kxd7 54. Kc4 Kc7 55. Kb5 Re8 56. b8=Q+ Rxb8 1-0

[Event "XXXI C.to Italiano femminile"]
[Site "Bratto - Castione della Presolana ITA"]
[Date "2004.08.26"]
[Round "7"]
[White "Castellano, Fulvia"]
[Black "Ambrosi, Eleonora"]
[Result "0-1"]
[WhiteElo "1772"]
[BlackElo "2118"]
[PlyCount "44"]
[EventDate "2004.08.20"]

1. e4 c5 2. Nf3 Nc6 3. Nc3 e6 4. d4 cxd4 5. Nxd4 Qc7 6. Be3 a6 7. Be2 Nf6 8.
O-O Bb4 9. Bd3 Ne5 10. Bg5 Bxc3 11. bxc3 Qxc3 12. Bxf6 gxf6 13. Ne2 Qc5 14. Qd2
b5 15. Qh6 Ke7 16. Kh1 Bb7 17. f4 Ng4 18. Qh4 Rag8 19. f5 e5 20. Rf3 d5 21. h3
dxe4 22. hxg4 exf3 0-1

[Event "XXXI C.to Italiano femminile"]
[Site "Bratto - Castione della Presolana ITA"]
[Date "2004.08.26"]
[Round "7"]
[White "Chierici, Marianna"]
[Black "Goi, Veronika"]
[Result "0-1"]
[WhiteElo "1646"]
[BlackElo "1823"]
[PlyCount "119"]
[EventDate "2004.08.20"]

1. e4 d5 2. exd5 Qxd5 3. d4 a6 4. Nf3 Nf6 5. c4 Qd6 6. Nc3 Bg4 7. Be2 e6 8. O-O
Nc6 9. Be3 h5 10. Qb3 Bxf3 11. Bxf3 Ng4 12. g3 O-O-O 13. Rad1 Na5 14. c5 Qd7
15. Qa4 Qxa4 16. Nxa4 Nxe3 17. fxe3 Nc4 18. Rfe1 Be7 19. b3 Na3 20. Nc3 h4 21.
Kg2 Bg5 22. Re2 Be7 23. Ree1 hxg3 24. hxg3 Rh6 25. Rh1 Bg5 26. Kf2 Nc2 27. Rd3
f5 28. Bg2 c6 29. Ne2 Rxh1 30. Bxh1 e5 31. Rc3 Nb4 32. a3 Nd5 33. Bxd5 Rxd5 34.
dxe5 Rxe5 35. b4 Re4 36. Nd4 Bxe3+ 37. Rxe3 Rxd4 38. Re8+ Kc7 39. Re7+ Rd7 40.
Re5 Rf7 41. Ke3 g5 42. Re6 f4+ 43. gxf4 Rxf4 44. Re7+ Kb8 45. Rg7 Rf5 46. Ke4
Rd5 47. Ke3 a5 48. Ke4 axb4 49. axb4 Ka7 50. b5 Rxc5 51. bxc6 Rxc6 52. Rxg5 Ka6
53. Kd4 b5 54. Rg8 b4 55. Rb8 Ka5 56. Kd3 Ka4 57. Kd2 Ka3 58. Ra8+ Kb2 59. Kd3
b3 60. Rb8 0-1

[Event "XXXI C.to Italiano femminile"]
[Site "Bratto - Castione della Presolana ITA"]
[Date "2004.08.26"]
[Round "7"]
[White "Costariol, Elena"]
[Black "Tiozzo Netti, Valeria"]
[Result "0-1"]
[WhiteElo "1554"]
[BlackElo "1643"]
[PlyCount "158"]
[EventDate "2004.08.20"]

1. e4 e5 2. Nf3 Nf6 3. Nxe5 d6 4. Nf3 Nxe4 5. Qe2 Qe7 6. d3 Nf6 7. Qxe7+ Bxe7
8. Be3 Bg4 9. Be2 O-O 10. h3 Bd7 11. Nbd2 Nc6 12. c3 Rfe8 13. O-O Nd5 14. Rae1
h6 15. a3 Bf6 16. Ne4 Be7 17. Bd2 Bf8 18. Ng3 Re7 19. d4 Rae8 20. Bc4 Nb6 21.
Rxe7 Rxe7 22. Bd3 g6 23. b3 Na5 24. Rb1 d5 25. Ne5 Be8 26. Ng4 h5 27. Ne3 Rd7
28. Bc2 f5 29. Ne2 Kg7 30. c4 Nc6 31. c5 Nc8 32. b4 N6e7 33. h4 Kf7 34. Nd1 Bg7
35. Be3 c6 36. Nf4 Ng8 37. Nh3 Nf6 38. Ng5+ Ke7 39. f3 Kf8 40. Nf2 Re7 41. Re1
Nd7 42. Nfh3 Bxd4 43. Kf2 Bxe3+ 44. Rxe3 Rxe3 45. Kxe3 Ke7 46. Kd4 Nf8 47. Ke5
b6 48. Nf4 Bd7 49. Bd1 bxc5 50. bxc5 a5 51. Be2 Na7 52. Ngh3 Be8 53. g4 fxg4
54. fxg4 hxg4 55. Bxg4 Nb5 56. a4 Nc3 57. h5 gxh5 58. Bxh5 Bxh5 59. Nxh5 Nxa4
60. Kd4 Nd7 61. N5f4 Naxc5 62. Nf2 Ne6+ 63. Nxe6 Kxe6 64. Nd3 Kd6 65. Nc1 c5+
66. Kc3 Nb6 67. Nb3 d4+ 68. Kc2 a4 69. Nc1 c4 70. Kb2 Kc5 71. Kc2 d3+ 72. Nxd3+
cxd3+ 73. Kxd3 Kb4 74. Kc2 Nd5 75. Kb2 Ne3 76. Ka2 a3 77. Ka1 Kb3 78. Kb1 a2+
79. Kc1 a1=Q+ 0-1

[Event "XXXI C.to Italiano femminile"]
[Site "Bratto - Castione della Presolana ITA"]
[Date "2004.08.26"]
[Round "7"]
[White "De Rosa, Mariagrazia"]
[Black "Lomakina, Nadya"]
[Result "0-1"]
[WhiteElo "2124"]
[BlackElo "1751"]
[PlyCount "62"]
[EventDate "2004.08.20"]

1. e4 c5 2. Nf3 Nc6 3. d4 cxd4 4. Nxd4 Nf6 5. Nc3 d6 6. Bg5 e6 7. Qd2 Be7 8.
O-O-O O-O 9. f3 a6 10. g4 Qc7 11. h4 Rd8 12. Be3 b5 13. Nxc6 Qxc6 14. g5 Nh5
15. Bh3 b4 16. Ne2 a5 17. Kb1 Ba6 18. Nd4 Qb7 19. Bg4 g6 20. Bxh5 gxh5 21. Qg2
a4 22. f4 d5 23. e5 Bc5 24. Qf3 Bxd4 25. Bxd4 b3 26. cxb3 axb3 27. a3 Rdc8 28.
Qxh5 Qc6 29. Rhe1 Bd3+ 30. Ka1 Qc2 31. Qf3 Rxa3+ 0-1

[Event "XXXI C.to Italiano femminile"]
[Site "Bratto - Castione della Presolana ITA"]
[Date "2004.08.26"]
[Round "7"]
[White "Matta, Francesca"]
[Black "Banki, Brigitta"]
[Result "1-0"]
[WhiteElo "1772"]
[BlackElo "1789"]
[PlyCount "101"]
[EventDate "2004.08.20"]

1. d4 d5 2. Nf3 e6 3. Bf4 Nf6 4. e3 Be7 5. h3 c6 6. c3 Nbd7 7. Nbd2 Nh5 8. Bh2
g6 9. Bd3 Ng7 10. O-O O-O 11. e4 dxe4 12. Nxe4 Nf6 13. Ne5 Nxe4 14. Bxe4 Nf5
15. Ng4 Kg7 16. Be5+ f6 17. Bf4 Bd6 18. Bxd6 Nxd6 19. Bc2 Nf7 20. Re1 Re8 21.
Bb3 h5 22. Nh2 e5 23. Bxf7 Kxf7 24. dxe5 Qxd1 25. Raxd1 fxe5 26. Nf3 Kf6 27.
Rd6+ Kg7 28. Rxe5 Bf5 29. Kf1 Rxe5 30. Nxe5 Re8 31. Nf3 Re7 32. Nh4 Bb1 33. a3
Kf7 34. g4 hxg4 35. hxg4 Re6 36. Rd7+ Re7 37. Rxe7+ Kxe7 38. f4 Kf6 39. Kf2 g5
40. fxg5+ Kxg5 41. Kg3 Bh7 42. Nf3+ Kf6 43. Kf4 Bg8 44. g5+ Ke6 45. Ne5 Bh7 46.
g6 Bg8 47. Ng4 Ke7 48. Kg5 a5 49. Nh6 Bb3 50. g7 b5 51. Kf5 1-0

[Event "XXXI C.to Italiano femminile"]
[Site "Bratto - Castione della Presolana ITA"]
[Date "2004.08.26"]
[Round "7"]
[White "Panella, Fiammetta"]
[Black "Messina, Roberta"]
[Result "1-0"]
[WhiteElo "1954"]
[BlackElo "1673"]
[PlyCount "87"]
[EventDate "2004.08.20"]

1. e4 d5 2. exd5 Qxd5 3. Nc3 Qa5 4. d4 Nf6 5. Nf3 Bg4 6. Bc4 e6 7. h3 Bh5 8.
Bd2 c6 9. g4 Bg6 10. Qe2 Qc7 11. O-O-O Bd6 12. Rhe1 O-O 13. Ne5 Bxe5 14. dxe5
Nd5 15. h4 h6 16. h5 Bh7 17. g5 hxg5 18. Bxg5 Nxc3 19. bxc3 Bf5 20. h6 f6 21.
hxg7 Qxg7 22. Bxf6 Qh6+ 23. Kb1 Rxf6 24. exf6 Qxf6 25. Bxe6+ Qxe6 26. Qxe6+
Bxe6 27. Rxe6 Kf7 28. Rde1 Na6 29. Re7+ Kf6 30. Rxb7 Rb8 31. Rxb8 Nxb8 32. Re8
Nd7 33. Ra8 Nc5 34. Rxa7 Ne4 35. a4 Nxc3+ 36. Kb2 Nd1+ 37. Ka3 Nxf2 38. Ra6 Ke7
39. Rxc6 Kd7 40. Rc4 Nh3 41. a5 Ng5 42. a6 Ne6 43. a7 Nc7 44. Rxc7+ 1-0

[Event "XXXI C.to Italiano femminile"]
[Site "Bratto - Castione della Presolana ITA"]
[Date "2004.08.26"]
[Round "7"]
[White "Pica, Livia"]
[Black "Di Blasi, Erica"]
[Result "0-1"]
[WhiteElo "1520"]
[BlackElo "1580"]
[PlyCount "144"]
[EventDate "2004.08.20"]

1. e4 e5 2. Nf3 Nc6 3. Nc3 Nf6 4. d4 exd4 5. Nxd4 d5 6. Nxc6 bxc6 7. Bg5 dxe4
8. Qxd8+ Kxd8 9. Nxe4 Be7 10. O-O-O+ Nd7 11. Be2 Ke8 12. Rhe1 Nb6 13. Bf3 f6
14. Bh5+ Kf8 15. Bf4 Nd5 16. Bd2 g6 17. Bf3 Kf7 18. Nc3 Be6 19. Nxd5 cxd5 20.
Ba5 c6 21. Rd3 Rhe8 22. h4 Rac8 23. h5 Bc5 24. Rb3 Bxf2 25. Rb7+ Re7 26. hxg6+
hxg6 27. Rxe7+ Kxe7 28. Rh1 Bb6 29. Rh7+ Kd6 30. Be1 Bf5 31. Bg3+ Ke6 32. Be1
Be4 33. Bd2 Bxf3 34. gxf3 Kf5 35. Rh4 Bc7 36. a3 g5 37. Ra4 Bb6 38. Kd1 Rh8 39.
c3 Rh1+ 40. Ke2 Rh2+ 41. Kd3 Rf2 42. c4 Rxf3+ 43. Kc2 dxc4 44. Rxc4 c5 45. Ra4
Rf2 46. Kd3 Rg2 47. Bc3 Rg3+ 48. Kc2 Kg6 49. Kd2 f5 50. Be5 Rh3 51. Ke2 Kh5 52.
Rc4 Rh4 53. Rxh4+ Kxh4 54. Kf3 Ba5 55. Bd6 c4 56. Bg3+ Kh3 57. Bf2 a6 58. Be3
Kh4 59. Bf2+ Kh5 60. Bd4 Be1 61. Be5 f4 62. Bd6 Bd2 63. Bc5 Bc1 64. Bd4 g4+ 65.
Kg2 Kg5 66. a4 Kf5 67. Kf2 Ke4 68. Bc3 Kd3 69. Be5 Be3+ 70. Kg2 Ke2 71. Bc3 f3+
72. Kg3 f2 0-1

[Event "XXXI C.to Italiano femminile"]
[Site "Bratto - Castione della Presolana ITA"]
[Date "2004.08.26"]
[Round "7"]
[White "Pili, Erika"]
[Black "Tonel, Giulia"]
[Result "0-1"]
[WhiteElo "1853"]
[BlackElo "1670"]
[PlyCount "61"]
[EventDate "2004.08.20"]

1. e4 e5 2. Nf3 Nc6 3. Nc3 Nf6 4. Bc4 Bc5 5. d3 h6 6. a3 a6 7. O-O d6 8. h3 O-O
9. Nh2 Ne7 10. Kh1 d5 11. exd5 Nfxd5 12. Ne4 Ba7 13. Qh5 Bf5 14. Ng4 Bg6 15.
Qxe5 Kh7 16. Ne3 f6 17. Qg3 c6 18. Qh4 Qd7 19. Ng3 Rae8 20. Bd2 Bb8 21. Nxd5
cxd5 22. Bb3 Nc6 23. Rae1 d4 24. Ne2 a5 25. a4 Bc7 26. Nf4 Bf7 27. Bxf7 Qxf7
28. Qg4 f5 29. Qd1 Qd7 30. g3 Ne5 31. b3 0-1

[Event "XXXI C.to Italiano femminile"]
[Site "Bratto - Castione della Presolana ITA"]
[Date "2004.08.26"]
[Round "7"]
[White "Reginato, Sabrina"]
[Black "Mosca, Giulia"]
[Result "1/2-1/2"]
[WhiteElo "1553"]
[BlackElo "1527"]
[PlyCount "48"]
[EventDate "2004.08.20"]

1. e4 c6 2. d4 d5 3. exd5 cxd5 4. Bd3 Nc6 5. c3 Nf6 6. Bf4 g6 7. Nf3 Bg7 8. h3
Bf5 9. Bxf5 gxf5 10. Nbd2 e6 11. O-O O-O 12. Re1 Kh8 13. b4 a6 14. a4 b5 15. a5
Ne4 16. Nxe4 fxe4 17. Nd2 Qf6 18. Be3 Rg8 19. f3 Qg6 20. Qe2 exf3 21. Nxf3 Ne7
22. Bf4 Nc6 23. Rac1 Rac8 24. Nd2 Bh6 1/2-1/2

[Event "XXXI C.to Italiano femminile"]
[Site "Bratto - Castione della Presolana ITA"]
[Date "2004.08.26"]
[Round "7"]
[White "Rigo, Caterina"]
[Black "Clappa, Ilaria"]
[Result "1-0"]
[WhiteElo "1649"]
[BlackElo "1850"]
[PlyCount "71"]
[EventDate "2004.08.20"]

1. e4 e6 2. d4 d5 3. e5 c5 4. c3 Qb6 5. Nf3 Nc6 6. a3 a5 7. a4 Bd7 8. Bb5 cxd4
9. cxd4 Bb4+ 10. Nc3 Nge7 11. O-O Nf5 12. Be3 Be7 13. Qd2 O-O 14. g4 Nxe3 15.
Qxe3 Rad8 16. g5 f6 17. exf6 gxf6 18. Nxd5 exd5 19. Bxc6 Qxc6 20. Qxe7 Rde8 21.
Qc5 Qe6 22. Qc7 Re7 23. Rfe1 Qg4+ 24. Qg3 Rg7 25. Re3 Qh5 26. Qd6 Qg4+ 27. Qg3
fxg5 28. Qxg4 Bxg4 29. Ne5 Rf4 30. f3 Bf5 31. Rd1 Bc2 32. Rc1 Bxa4 33. Rc5 b5
34. Ng4 Rxd4 35. Nh6+ Kf8 36. Rc8# 1-0

[Event "XXXI C.to Italiano femminile"]
[Site "Bratto - Castione della Presolana ITA"]
[Date "2004.08.26"]
[Round "7"]
[White "Rombaldoni, Sharon"]
[Black "Negri, Ornella Cecilia"]
[Result "0-1"]
[WhiteElo "1440"]
[BlackElo "1600"]
[PlyCount "116"]
[EventDate "2004.08.20"]

1. e4 d5 2. Nc3 dxe4 3. Nxe4 e5 4. Bc4 Nf6 5. Nxf6+ Qxf6 6. Nf3 Bc5 7. O-O O-O
8. d3 h6 9. Re1 Nc6 10. Be3 Bd6 11. d4 e4 12. Nd2 Bf5 13. d5 Ne5 14. Bf4 Nf3+
15. Nxf3 Bxf4 16. Qd4 exf3 17. Qxf6 gxf6 18. gxf3 Bh3 19. Bf1 Bxf1 20. Rxf1 Kh7
21. Rfe1 Rg8+ 22. Kh1 Rg5 23. Re4 Be5 24. f4 Rg4 25. Rae1 Rxf4 26. Rxf4 Bxf4
27. Re7 Rf8 28. Re4 Be5 29. Rb4 b6 30. Ra4 a5 31. b4 axb4 32. Rxb4 Ra8 33. f4
Bd6 34. Rb2 Bxf4 35. c4 Bd6 36. Rf2 Kg6 37. Rg2+ Kh7 38. Rf2 Be5 39. Rc2 Bd4
40. Rd2 Bc5 41. h3 Ra3 42. Kg2 f5 43. Kh2 f4 44. Kg2 f3+ 45. Kf1 Rc3 46. Rd1
Rxc4 47. Re1 Rc2 48. Rd1 Rh2 49. Ke1 Rh1+ 50. Kd2 Rh2+ 51. Ke1 Bb4+ 52. Rd2
Bxd2+ 53. Kd1 f2 54. Kxd2 f1=Q+ 55. Kc3 Qxh3+ 56. Kd4 Qh4+ 57. Ke5 Re2+ 58. Kf5
Qg5# 0-1

[Event "XXXI C.to Italiano femminile"]
[Site "Bratto - Castione della Presolana ITA"]
[Date "2004.08.26"]
[Round "7"]
[White "Sautto, Alessandra"]
[Black "Santurbano, Maria Vincenza"]
[Result "1-0"]
[WhiteElo "1978"]
[BlackElo "1822"]
[PlyCount "81"]
[EventDate "2004.08.20"]

1. d4 Nf6 2. Nf3 g6 3. Bf4 Bg7 4. e3 d6 5. Bd3 Nbd7 6. Nbd2 O-O 7. h3 Qe8 8. e4
e5 9. dxe5 dxe5 10. Be3 Nh5 11. c3 f5 12. Bc4+ Kh8 13. g4 f4 14. gxh5 fxe3 15.
fxe3 Nb6 16. Bb3 Be6 17. Qe2 a5 18. Bxe6 Qxe6 19. hxg6 Qxg6 20. O-O-O a4 21. a3
Nd7 22. Rdg1 Qb6 23. Nh4 Nc5 24. Nf5 Bf6 25. Kb1 Rad8 26. Rc1 Nd3 27. Rc2 Rg8
28. h4 Qe6 29. Rd1 c5 30. c4 Qc6 31. Rc3 Qd7 32. Qf1 b5 33. Nf3 bxc4 34. Rxc4
Qb5 35. Rc2 Rd7 36. Qe2 Rg4 37. Ne1 Rg1 38. Nxd3 Rxd1+ 39. Qxd1 Rxd3 40. Qe2 c4
41. Qxd3 1-0

[Event "XXXI C.to Italiano femminile"]
[Site "Bratto - Castione della Presolana ITA"]
[Date "2004.08.26"]
[Round "7"]
[White "Scharrer, Isabel"]
[Black "Borsato, Laura"]
[Result "0-1"]
[WhiteElo "1613"]
[BlackElo "1580"]
[PlyCount "114"]
[EventDate "2004.08.20"]

1. d4 g6 2. c4 Bg7 3. Nc3 d6 4. e4 e5 5. d5 Nf6 6. f3 c6 7. Be3 Qc7 8. Bd3 Nbd7
9. Nge2 O-O 10. Qd2 cxd5 11. cxd5 Nc5 12. Nb5 Nxd3+ 13. Qxd3 Qa5+ 14. Nec3 Qa6
15. Qd2 Ne8 16. O-O Bd7 17. a4 Qa5 18. Rab1 Bxb5 19. b4 Qd8 20. Nxb5 b6 21.
Rfc1 a6 22. Na3 Bf6 23. Rc6 Rb8 24. Qe2 Nc7 25. Bxb6 Rxb6 26. Rxb6 Nxd5 27. Rc6
Nf4 28. Qxa6 Bh4 29. Rxd6 Qg5 30. Rb2 Nh3+ 31. Kf1 Qc1+ 32. Ke2 Qxb2+ 33. Rd2
Nf4+ 34. Kd1 Qa1+ 35. Kc2 Qa2+ 36. Kd1 Qxa3 37. g3 Qxf3+ 38. Kc1 Qc3+ 39. Kd1
Qxb4 40. Qc6 Qb1+ 41. Qc1 Qxc1+ 42. Kxc1 Bg5 43. Ra2 Ne6+ 44. Kb2 Ra8 45. a5
Ra6 46. Kc3 Bd8 47. Kb4 Nd4 48. h3 Nc6+ 49. Kb5 Rxa5+ 50. Rxa5 Nxa5 51. Kc5
Nb3+ 52. Kd5 Bc7 53. h4 Kf8 54. g4 Nd4 55. h5 gxh5 56. gxh5 Kg7 57. Kc4 Kh6 0-1

[Event "XXXI C.to Italiano femminile"]
[Site "Bratto - Castione della Presolana ITA"]
[Date "2004.08.26"]
[Round "7"]
[White "Tomba, Patrizia"]
[Black "Di Cerbo, Giulia"]
[Result "1/2-1/2"]
[WhiteElo "1637"]
[BlackElo "1670"]
[PlyCount "63"]
[EventDate "2004.08.20"]

1. e4 e6 2. d4 d5 3. e5 c5 4. c3 Nc6 5. Nf3 cxd4 6. cxd4 Bb4+ 7. Bd2 Bxd2+ 8.
Qxd2 Nge7 9. Bb5 O-O 10. O-O Qb6 11. Bxc6 Nxc6 12. Nc3 Bd7 13. Na4 Qb4 14. Qxb4
Nxb4 15. Nc5 Bb5 16. Rfc1 Nd3 17. Nxd3 Bxd3 18. Rc7 Ba6 19. Rac1 h6 20. h3 Rfe8
21. Nd2 Kf8 22. R1c3 b6 23. f4 Rac8 24. Rxc8 Rxc8 25. Rxc8+ Bxc8 26. Kf2 Ba6
27. Ke3 Ke7 28. g3 Kd7 29. g4 Ke7 30. h4 Bb5 31. g5 Bc6 32. a3 1/2-1/2

[Event "XXXI C.to Italiano femminile"]
[Site "Bratto - Castione della Presolana ITA"]
[Date "2004.08.26"]
[Round "7"]
[White "Varagnolo, Silvia"]
[Black "Brunello, Marina"]
[Result "1/2-1/2"]
[WhiteElo "1610"]
[BlackElo "1571"]
[PlyCount "47"]
[EventDate "2004.08.20"]

1. e4 e5 2. Nf3 Nc6 3. Bb5 d6 4. d4 Bd7 5. Nc3 Nf6 6. Bg5 exd4 7. Nxd4 Nxd4 8.
Bxd7+ Qxd7 9. Qxd4 Nh5 10. h3 h6 11. Be3 Nf6 12. O-O Be7 13. Rfd1 O-O 14. e5
Ne8 15. exd6 Nxd6 16. Ne4 Qb5 17. a4 Qc6 18. Nxd6 Bxd6 19. c3 Rfe8 20. Qd5 Qxd5
21. Rxd5 Re5 22. Rxe5 Bxe5 23. Rd1 Bd6 24. Rd4 1/2-1/2